| 000 | 01213nam a2200325Ia 4500 | ||
|---|---|---|---|
| 001 | ebr10099092 | ||
| 003 | CaPaEBR | ||
| 006 | m u | ||
| 007 | cr cn||||||||| | ||
| 008 | 980810s1998 at a s 001 0 eng d | ||
| 020 | _z0203985443 | ||
| 020 | _z3718657201 | ||
| 040 |
_aCaPaEBR _cCaPaEBR |
||
| 035 | _a(OCoLC)560133342 | ||
| 050 | 1 | 4 |
_aPN2071.M37 _bG74x v.4eb |
| 100 | 1 | _aGriffiths, David. | |
| 245 | 1 | 4 |
_aThe masquerades of Nigeria ; and, Touch _h[electronic resource] / _cwritten and illustrated by David Griffiths. |
| 246 | 1 | 0 | _aMasquerades of Nigeria |
| 246 | 1 | 0 | _aTouch |
| 260 |
_aAustralia : _bHarwood Academic Publishers, _cc1998. |
||
| 300 |
_a79 p. : _bill. |
||
| 490 | 0 |
_aMask: a release of acting resources ; _vv. 4 |
|
| 500 | _aIncludes index. | ||
| 533 |
_aElectronic reproduction. _bPalo Alto, Calif. : _cebrary, _d2009. _nAvailable via World Wide Web. _nAccess may be limited to ebrary affiliated libraries. |
||
| 650 | 0 |
_aMasquerades _zNigeria. |
|
| 650 | 0 | _aMasks. | |
| 655 | 7 |
_aElectronic books. _2local |
|
| 710 | 2 | _aebrary, Inc. | |
| 856 | 4 | 0 |
_uhttp://site.ebrary.com/lib/rucke/Doc?id=10099092 _zAn electronic book accessible through the World Wide Web; click to view |
| 999 |
_c193306 _d193306 |
||